ნორმალური ფორმატი
MARC ფორმატი
ჩანაწერი Personal Name
ჩანაწერთა რაოდენობა, რომელიც გამოყენებულია: 1
001 - CONTROL NUMBER
- control field: 20393
003 - CONTROL NUMBER IDENTIFIER
- control field: GE_BSU
005 - DATE AND TIME OF LATEST TRANSACTION
- control field: 20231115131448.0
008 - FIXED-LENGTH DATA ELEMENTS
- fixed length control field: 231115|| aca||aabn | a|a d
040 ## - CATALOGING SOURCE
- Original cataloging agency: GE_BSU
- Transcribing agency: GE_BSU
100 ## - HEADING--PERSONAL NAME
- Personal name: Дандамаев, М. А.
670 ## - SOURCE DATA FOUND
- Source citation: Work cat.: (GE_BSU): Дандамаев, М. А., Культура и экономика Древнего Ирана /
